000 00820nam a22002175i 4500
001 162091
003 ES-MaACL
005 20230906212426.0
008 041103q18771900fr |||| | fre d
040 _aCAM
_bspa
_cCAM
100 1 _aPictet, Adolphe.
_9131137
245 1 4 _aLes origines indo-européennes ou Les Aryas primitifs
_b: essai de paléontologie linguistique /
_cpar Adolphe Pictet.
250 _a2e éd. rev. et augm.
260 _aParis :
_bLibrairie Fischbacher,
_c[s.a.] (
_fImp. Ve. Plarousse et C.)
300 _a3 v. (VIII, 688 ; 422 ; 544 p.) ;
_c23 cm.
596 _aLa Librairie Fischbacher ejerce ca. 1877-1900.
650 0 4 _aLenguas indoeuropeas-
_xHistoria.
_9223598
740 4 1 _aLes Aryas primitifs.
852 _aES-MaACL
_jF-11113-11115
_z-- Enc. pasta española
999 _c162091
_d162091